| 000 | 00881cad a22002295a 4500 | ||
|---|---|---|---|
| 001 | E149467 | ||
| 008 | 100308s2009 xxko f 000 0 eng d | ||
| 020 | _a9781848060951 | ||
| 035 | _a(Sirsi) u149467 | ||
| 041 | 0 | _aeng | |
| 100 | 1 | _aJaggs, Michael | |
| 245 | 0 | 2 |
_aA practical guide to building airtight dwellings _h[electronic resource] |
| 260 |
_aAmersham _bNHBC Foundation _c2009 |
||
| 490 | 0 |
_aNF _v16 |
|
| 520 | _aDiscusses achieving airtightness in buildings, including common air leakage paths and how they can be dealt with. | ||
| 521 | 2 | _aAdvanced | |
| 651 | 4 |
_aUnited Kingdom _y |
|
| 690 | _aBUILT ENVIRONMENT-CONSTRUCTION DESIGN | ||
| 700 | 1 | _aScivyer, Chris | |
| 856 | 4 | 0 |
_uhttps://nhbcfoundation.org/LinkClick.aspx?fileticket=Id3W%2bcSdRak%3d&tabid=339&mid=774&language=en-GB _zView the report free of charge (PDF file) at www.nhbcfoundation.org |
| 942 | _n0 | ||
| 999 |
_c110511 _d110511 |
||